000 00563nam a22001577a 4500
999 _c535678
_d535678
020 _qHard Cover.
082 _a630.0011
100 _aMehmood, Aamir
245 _aDevelopment performance investigation and optimization of solar water heater hybridized with conventional fuel /
_cAamir Mehmood.
260 _aIslamabad :
_bCES - NUST,
_c2014.
300 _axiv, 114 p. : ill. ;
_c30cm.
942 _2ddc
_cTHE
650 _aEnergy Systems Engineering MS-Thesis
_928880
700 _aDr Adeel Waqas.
_928869